Poselství papeže Jana Pavla II. k oslavě světového dne míru 1. ledna 1994
Record details
- Physical Description: 5 s. ; 20 cm
- Publisher: Praha : Česká biskupská konference, 1993
Content descriptions
| General Note: | Přeloženo z italské verze latinského originálu Poznámky |
Search for related items by subject
| Subject: | mír křesťanská etika učení katolické církve |
| Genre: | papežské listy |
Available copies
- 1 of 1 copy available at Common Catalog SPOK.
Holds
- 0 current holds with 1 total copy.
Show Only Available Copies
| Location | Call Number / Copy Notes | Barcode | Shelving Location | Status | Due Date |
|---|---|---|---|---|---|
| Jabok Library | EK-4.1.3 | 424480042246 | Odborná literatura | Available | - |
| LDR | 01231nam a2200373 a 4500 | ||
|---|---|---|---|
| 001 | 32392 | ||
| 003 | CZ-PrJAB | ||
| 005 | 20190816082852.0 | ||
| 007 | tu | ||
| 008 | 951123s1993 xr 000 0 cze | ||
| 015 | . | ‡acnb000113311 | |
| 020 | . | ‡q(Brož.) | |
| 035 | . | ‡a(CZ PrNK)cpk19950113311 | |
| 035 | . | ‡a(OCoLC)84907028 | |
| 040 | . | ‡aABA001 ‡bcze | |
| 041 | 1 | . | ‡acze ‡hita ‡hlat |
| 072 | 7. | ‡a27-4 ‡xPraktická teologie. Morální teologie ‡2Konspekt ‡95 | |
| 080 | . | ‡a172.4 ‡2MRF | |
| 080 | . | ‡a27-42 ‡2MRF | |
| 080 | . | ‡a272-1/-9 ‡2MRF | |
| 080 | . | ‡a(093.2) ‡2MRF | |
| 110 | 2 | . | ‡aKatolická církev. ‡bPapež (1978-2005 : Jan Pavel II.) ‡7kn20010710508 ‡4aut |
| 245 | 1 | 0. | ‡aPoselství papeže Jana Pavla II. k oslavě světového dne míru 1. ledna 1994 |
| 260 | . | ‡aPraha : ‡bČeská biskupská konference, ‡c1993 | |
| 300 | . | ‡a5 s. ; ‡c20 cm | |
| 500 | . | ‡aPřeloženo z italské verze latinského originálu | |
| 500 | . | ‡aPoznámky | |
| 650 | 0 | 7. | ‡amír ‡7ph123126 ‡2czenas |
| 650 | 0 | 7. | ‡akřesťanská etika ‡7ph138484 ‡2czenas |
| 650 | 0 | 7. | ‡aučení katolické církve ‡7ph135482 ‡2czenas |
| 655 | 7. | ‡apapežské listy ‡7fd133001 ‡2czenas | |
| 910 | . | ‡aABG312 | |
| 995 | . | ‡aska | |
| 901 | . | ‡a32392 ‡bCZ-PrJAB ‡c32392 ‡tbiblio | |